| Tag |
First Indicator |
Second Indicator |
Subfields |
| LEADER |
00000cam a2200000Mi 4500 |
| 001 |
in00003569430 |
| 006 |
m o d |
| 007 |
cr nn|008mamaa |
| 008 |
121227s1974 gw o 000 0 eng |
| 005 |
20260420215747.2 |
| 020 |
|
|
|a 9783642807862 (electronic bk.)
|
| 020 |
|
|
|a 3642807860 (electronic bk.)
|
| 024 |
7 |
|
|a 10.1007/978-3-642-80786-2
|2 doi
|
| 035 |
|
|
|a (OCoLC)858930717
|
| 040 |
|
|
|a Nz
|b eng
|c UV0
|d OCLCO
|d GW5XE
|d OCLCF
|d UtOrBLW
|
| 049 |
|
|
|a TXAM
|
| 050 |
|
4 |
|a R1
|
| 072 |
|
7 |
|a MB
|2 bicssc
|
| 072 |
|
7 |
|a MED000000
|2 bisacsh
|
| 082 |
0 |
4 |
|a 610
|2 23
|
| 100 |
1 |
|
|a Grundmann, E.
|
| 245 |
1 |
0 |
|a Special Topics in Carcinogenesis :
|b Symposium of the "Gesellschaft zur Bekämpfung der Krebskrankheiten Nordrhein-Westfalen, e.V." Düsseldorf, 24th-25th March, 1972 /
|c edited by E. Grundmann.
|
| 246 |
3 |
|
|a With contributions by numerous experts
|
| 264 |
|
1 |
|a Berlin, Heidelberg :
|b Springer Berlin Heidelberg,
|c 1974.
|
| 300 |
|
|
|a 1 online resource.
|
| 336 |
|
|
|a text
|b txt
|2 rdacontent
|
| 337 |
|
|
|a computer
|b c
|2 rdamedia
|
| 338 |
|
|
|a online resource
|b cr
|2 rdacarrier
|
| 490 |
0 |
|
|a Recent Results in Cancer Research, Fortschritte der Krebsforschung Progrès dans les recherches sur le cancer,
|x 0080-0015 ;
|v 44
|
| 500 |
|
|
|a Electronic resource.
|
| 650 |
|
0 |
|a Medicine.
|
| 650 |
|
7 |
|a Medicine.
|2 fast
|0 (OCoLC)fst01014893
|
| 655 |
|
7 |
|a Electronic books.
|2 local
|
| 710 |
2 |
|
|a SpringerLink (Online service)
|
| 776 |
1 |
8 |
|i Print version:
|z 9783642807886
|
| 830 |
|
0 |
|a Recent Results in Cancer Research, Fortschritte der Krebsforschung Progrès dans les recherches sur le cancer.
|x 0080-0015 ;
|v 44.
|
| 856 |
4 |
0 |
|u http://proxy.library.tamu.edu/login?url=https://link.springer.com/10.1007/978-3-642-80786-2
|z Connect to the full text of this electronic book
|t 0
|
| 994 |
|
|
|a 92
|b TXA
|
| 999 |
|
|
|a MARS
|
| 999 |
f |
f |
|s d8f4fae5-aece-366d-9e64-e6633020ef2d
|i 480b5540-7e5d-3f23-b1b7-a98e94043ce1
|t 0
|
| 952 |
f |
f |
|a Texas A&M University
|b College Station
|c Electronic Resources
|s www_evans
|d Available Online
|t 0
|e R1
|h Library of Congress classification
|
| 998 |
f |
f |
|a R1
|t 0
|l Available Online
|